Odložená daň z príjmov v účtovníctve podnikateľov - podstata, význam a praktická aplikácia

Legislatívna úprava odloženej dane z príjmov na Slovensku. Význam vykazovania odloženej dane z príjmov na príklade rozdielnej účtovnej a daňovej hodnoty pozemku. Význam vykazovania odloženej dane z príjmov na príklade umoriteľnej daňovej straty. Odložená daň z príjmov pri rozdielnych účtovných a daň...

Ausführliche Beschreibung

Gespeichert in:
Bibliographische Detailangaben
1. Verfasser: Krišková, Petra, 1981-
Weitere Verfasser: Užík, Ján, 1969-
Format: Buchkapitel
Sprache:Slowakisch
Schlagworte:
Tags: Tag hinzufügen
Keine Tags, Fügen Sie das erste Tag hinzu!

MARC

LEADER 00000naa a2200000 4500
001 0281459
005 20240502074401.5
041 0 |a slo 
044 |a SK 
245 1 0 |a Odložená daň z príjmov v účtovníctve podnikateľov - podstata, význam a praktická aplikácia  |c Petra Krišková, Ján Užík 
520 |a Legislatívna úprava odloženej dane z príjmov na Slovensku. Význam vykazovania odloženej dane z príjmov na príklade rozdielnej účtovnej a daňovej hodnoty pozemku. Význam vykazovania odloženej dane z príjmov na príklade umoriteľnej daňovej straty. Odložená daň z príjmov pri rozdielnych účtovných a daňových odpisov dlhodobého hmotného majetku. Odložená daň z príjmov pri opravných položkách k pohľadávkam. Odložená daň z príjmov pri ocenení podielu v dcérskej účtovnej jednotke metódou vlastného imania. 
610 2 0 |a dane z príjmov 
610 2 0 |a strata daňová 
610 2 0 |a legislatíva 
610 2 0 |a imanie vlastné 
610 2 0 |a dane odložené 
610 2 0 |a pohľadávky 
100 1 |a Krišková, Petra, 1981- 
700 1 |a Užík, Ján, 1969-